000 00440nam a2200181Ia 4500
005 20240823034511.0
008 240823s9999||||xx |||||||||||||| ||und||
041 _aENGLISH
082 _A005.133 N4 QMA
100 _a"Stultz,Russell A"
245 0 _aLearn Quattro Pro 5.0
250 _a1st
260 _c1994
_bBPB.New Delhi
500 _aTransfered
650 _aProgramming
_bComputer Applications
942 _cBK
999 _c198408
_d198408